UK Football Team Nicknames that are Animals - Statistics

General Stats
  • This quiz has been taken 226 times
  • The average score is 11 of 16
Answer Stats
Hint Answer % Correct
Wolves Wolverhampton Wanderers
94%
Foxes Leicester City
88%
Seagulls Brighton and Hove Albion
86%
Canaries Norwich City
86%
Rams Derby County
84%
Owls Sheffield Wednesday
77%
Tigers Hull City
76%
Black Cats Sunderland
76%
Bees Barnet or Brentford
73%
Bluebirds Cardiff City
73%
Eagles Crystal Palace
73%
Hornets Watford
72%
Lions Millwall or Aston Villa
63%
Terriers Huddersfield Town
58%
Stags Mansfield Town
42%
Peacocks Leeds United
31%
No matching quizzes found
Score Distribution
Percent of People with Each Score
Percentile by Number Answered
Your Score History
You have not taken this quiz